Modern Indian education.

Saved in:
Bibliographic Details
Main Author: Siqueira, T. N.
Format: Book
Language:English
Published: [Calcutta] : Oxford University Press, 1960.
Subjects:
LEADER 00700nam a2200193ra 4500
001 c000207996
003 CARM
005 20021125002100.0
008 851211s1960 ii 00000 eng d
019 1 |a 9696629  |z 42748550  |z 4177336  |5 LACONCORD2021 
035 |a (OCoLC)181365  |5 LACONCORD2021 
100 1 |a Siqueira, T. N. 
245 1 0 |a Modern Indian education. 
260 |a [Calcutta] :  |b Oxford University Press,  |c 1960. 
300 |a 276 p. 
650 0 |a Education  |z India. 
852 8 |b CARM  |h A2:AN10A0  |i A03464  |p 0307700  |f BK 
999 f f |i 09eaa072-1a91-5ec7-b0ae-c8af25f8a673  |s 59015bda-d247-5e49-9b46-8bb4bc6c8a83 
952 f f |p Can circulate  |a CAVAL  |b CAVAL  |c CAVAL  |d CARM 1 Store  |e A03464  |f A2:AN10A0  |h Other scheme  |i book  |m 0307700